Asian Businesses in a Turbulent Environment Uncertainty and Coping Strategies /

Asian economies today command much attention from scholars and practitioners, yet they continue to face crises and challenges such as globalization, regional conflict, pressure for greater democracy and environmental protection; to name but a few. Asian Businesses in a Turbulent Environment explores...

Πλήρης περιγραφή

Λεπτομέρειες βιβλιογραφικής εγγραφής
Συγγραφή απο Οργανισμό/Αρχή: SpringerLink (Online service)
Άλλοι συγγραφείς: Chan, T. S. (Επιμελητής έκδοσης), Cui, Geng (Επιμελητής έκδοσης)
Μορφή: Ηλεκτρονική πηγή Ηλ. βιβλίο
Γλώσσα:English
Έκδοση: London : Palgrave Macmillan UK : Imprint: Palgrave Macmillan, 2016.
Σειρά:AIB Southeast Asia
Θέματα:
Διαθέσιμο Online:Full Text via HEAL-Link
LEADER 02429nam a22004575i 4500
001 978-1-137-48887-9
003 DE-He213
005 20160831032340.0
007 cr nn 008mamaa
008 160411s2016 xxk| s |||| 0|eng d
020 |a 9781137488879  |9 978-1-137-48887-9 
024 7 |a 10.1057/978-1-137-48887-9  |2 doi 
040 |d GrThAP 
050 4 |a HD28-70 
072 7 |a KJC  |2 bicssc 
072 7 |a BUS041000  |2 bisacsh 
082 0 4 |a 658.4092  |2 23 
245 1 0 |a Asian Businesses in a Turbulent Environment  |h [electronic resource] :  |b Uncertainty and Coping Strategies /  |c edited by T. S. Chan, Geng Cui. 
264 1 |a London :  |b Palgrave Macmillan UK :  |b Imprint: Palgrave Macmillan,  |c 2016. 
300 |a XVIII, 188 p. 13 illus., 4 illus. in color.  |b online resource. 
336 |a text  |b txt  |2 rdacontent 
337 |a computer  |b c  |2 rdamedia 
338 |a online resource  |b cr  |2 rdacarrier 
347 |a text file  |b PDF  |2 rda 
490 1 |a AIB Southeast Asia 
520 |a Asian economies today command much attention from scholars and practitioners, yet they continue to face crises and challenges such as globalization, regional conflict, pressure for greater democracy and environmental protection; to name but a few. Asian Businesses in a Turbulent Environment explores how Asian firms cope with these challenges, and the impact that rising above them will have in their growth prospects. Starting with conceptual analyses of crises and their impact on local markets and societies, this book will also study leadership styles for conflict management and the strategies adopted by Asian firms from various countries including the location choice and entry mode of multinationals, knowledge transfer and cultural shifts, social capital and knowledge development, and environmental management in the supply chain. 
650 0 |a Business. 
650 0 |a Leadership. 
650 0 |a International business enterprises. 
650 1 4 |a Business and Management. 
650 2 4 |a Business Strategy/Leadership. 
650 2 4 |a International Business. 
700 1 |a Chan, T. S.  |e editor. 
700 1 |a Cui, Geng.  |e editor. 
710 2 |a SpringerLink (Online service) 
773 0 |t Springer eBooks 
776 0 8 |i Printed edition:  |z 9781137488855 
830 0 |a AIB Southeast Asia 
856 4 0 |u http://dx.doi.org/10.1057/978-1-137-48887-9  |z Full Text via HEAL-Link 
912 |a ZDB-2-BUM 
950 |a Business and Management (Springer-41169)